000 01068 a2200229 4500
001 47049
005 20260407155739.0
008 260407a1999 arg spa d
003 AR-UNSa-BCEJYS
040 _aAR-UNSa-BCEJYS
_bspa
_cAR-UNSa-BCEJYS
080 _a101.1
_xNaturaleza de la filosofía. La filosofía como ciencia. La filosofía como arte (pensamiento filosófico)
245 1 0 _aImposibilidad
_pLos límites de la ciencia y la ciencia de los límtes
020 _a84-7432-693-1
264 1 _aBarcelona :
_bGedisa
_c1999
300 _a377 p.
_c23 cm.
505 _a1. El arte de lo imposible - 2. La esperanza de progreso - 3. Retorno al futuro - 4. La condición humana - 5. Límites tecnológicos - 6. Límites cosmológicos - 7. Límites profundos - 8. La imposibilidad y nosotros - 9. Imposibilidad : un inventario.
942 _cBK
590 _aniveau_biblio:m niveau_hierar:0
100 1 _aReta, Carlos de la
700 1 _aBarrow, John D.
856 4 1 _uhttps://www.biblioeco.unsa.edu.ar/pmb/images/libros/L127381.jpg
_yImagen de portada
_qimage/jpeg
999 _c4277
_d4277